[Event "GER-ch 76th"]
[Site "Altenkirchen"]
[Date "2005.02.21"]
[Round "4"]
[White "Luther, Thomas"]
[Black "Baramidze, David"]
[Result "1/2-1/2"]
[WhiteElo "2543"]
[BlackElo "2550"]
[Annotator "Gofshtein,L"]
[PlyCount "69"]
[EventDate "2005.02.18"]
[EventType "swiss"]
[EventRounds "9"]
[EventCountry "GER"]
[SourceTitle "CBM 106"]
[Source "ChessBase"]
[SourceDate "2005.06.06"]
[SourceVersion "1"]
[SourceVersionDate "2005.06.06"]
[SourceQuality "1"]

1. e4 c5 2. Nf3 d6 3. d4 cxd4 4. Nxd4 Nf6 5. Nc3 a6 6. Bg5 e6 7. f4 Be7 8. Qf3
Qc7 9. O-O-O Nbd7 10. Bd3 b5 11. Rhe1 Bb7 12. Qg3 O-O-O 13. Bxb5 {[%mdl 512] A
very interesting piece sacrifice for a pair of pawns. White gets compensation
for the sacrificed piece} axb5 14. Ndxb5 Qb8 {[%mdl 8] 14...Qb6 deserves
attention and black returns the piece getting a fine counterplay as was played
in the game given below} (14... Qc5 $6 15. e5 dxe5 16. fxe5 Nd5 (16... Qb6 17.
exf6 Nxf6 18. Be3 $18 {1-0 Seben,J-Kalina,J/Bratislava 1991/EXT 2001 (26)}) 17.
Bxe7 Nxe7 18. Nd6+ Kb8 19. Nxf7 $16) (14... Qb6 $5 15. e5 Nc5 (15... d5 16. f5
Nh5 17. Qh4 Bxg5+ 18. Qxg5 Nxe5 19. Qxh5 $36 {1-0 Velimirovic,D-Casas,F/Nica
1974 (28)}) (15... dxe5 16. fxe5 Nd5 17. Bxe7 Nxe7 18. Nd6+ Kb8 19. Nxf7 {
1-0 Gunawan,R-Adianto,U/Indonesia 1983/MCD (31)}) 16. exf6 (16. Qh3 $1 Ba6 $5
17. exf6 gxf6 18. Nd5 Qb7 $13) 16... gxf6 17. Bh4 Rhg8 18. Qe3 Rxg2 {Gonzales,
R-Infante/El Salvador (ch) 1983/Inf 36 (18)} (18... Rxg2 $132 {0-1 Hartman,
B-West,J/Philadelphia 1990/Inf 50/[West,J] (47)})) 15. e5 dxe5 16. fxe5 Nc5 $5
{[%mdl 256] Black offers to retain the material equality. In this case the
position is about equal} 17. Qh4 $5 {White refuses to take the piece and
prefers to continue playing with a disrupted material balance} (17. exf6 Qxg3
18. hxg3 gxf6 19. Be3 Bxg2 $14) 17... h6 {Black prefers to give another pawn
but not to exchange the dark squared bishops} (17... Rxd1+ 18. Nxd1 Nce4 19.
exf6 gxf6 20. Be3 $16) 18. Bxf6 (18. Be3 g5 19. Rxd8+ Rxd8 20. exf6 gxh4 21.
fxe7 Rg8 22. Bxc5 Qf4+ 23. Kb1 Bxg2 $17) 18... gxf6 19. exf6 Bd6 {18...Bf8
seems to be better} (19... Bf8 $5 20. b4 Na6 21. Qc4+ Nc7) 20. Qc4 (20. Qh5 $5
{[%cal Rh5f7,Gh5c5] 20.Qh5 deserved a serious attention creating threats to
the f7 pawn and the knight on c5} Bf4+ 21. Kb1 Rxd1+ 22. Rxd1 Qe5 23. Qxf7)
20... Bd5 {Black frees himself from a dangerous pin} 21. Nxd5 exd5 22. Rxd5
Bf4+ 23. Kb1 Rxd5 24. Qxd5 Qxb5 25. Qf5+ Qd7 (25... Kb7 26. Qxf4 Ne6) 26. Qxc5+
{White prefers to take the knight getting enough compensation for the deficit
of piece} Bc7 27. a4 Re8 $5 {Black exchanges white's active rook, deciding not
to take the pawn} (27... Qxa4 28. Re7 Qf4 29. Qc6 Kb8 30. g3 Qd6 31. Qxd6 Bxd6
32. Rxf7 Kc8 33. c3 $16) 28. Re7 Rxe7 29. fxe7 Qe6 30. a5 Kd7 31. a6 {White
goes for the draw, deciding not to continue the game after 31.b4} (31. b4 Bxh2
32. Kb2 Bd6 $132) 31... Qe1+ 32. Ka2 Qe6+ 33. Kb1 Qe1+ 34. Ka2 Qe6+ 35. Kb1
1/2-1/2

[Event "EU-chT (Men) 14th"]
[Site "Plovdiv"]
[Date "2003.10.15"]
[Round "5.3"]
[White "Perunovic, Milos"]
[Black "Kempinski, Robert"]
[Result "0-1"]
[WhiteElo "2534"]
[BlackElo "2561"]
[Annotator "Gofshtein,L"]
[PlyCount "84"]
[EventDate "2003.10.10"]
[EventType "team-swiss"]
[EventRounds "9"]
[EventCountry "BUL"]
[SourceTitle "CBM 098"]
[Source "ChessBase"]
[SourceDate "2004.02.03"]
[SourceVersion "1"]
[SourceVersionDate "2004.02.03"]
[SourceQuality "1"]
[WhiteTeam "Serbia & Montenegro"]
[BlackTeam "Poland"]
[WhiteTeamCountry "YUG"]
[BlackTeamCountry "POL"]

1. e4 c5 2. Nf3 d6 3. d4 cxd4 4. Nxd4 Nf6 5. Nc3 a6 6. Bg5 e6 7. f4 Be7 8. Qf3
Qc7 9. O-O-O Nbd7 10. g4 h6 11. Bxf6 {11.Bh4 deserves attention, see the game
Guseinov-Kempinski-CBM-98} (11. Bh4) 11... Bxf6 12. h4 {White's advance of the
pawns on the kingside is one of his main ideas} Qb6 $5 {Driving the knight off
the centre. 12...b5 is bad in view of the typical sacrifice on b5} (12... b5 $2
13. Bxb5 axb5 14. Ndxb5 $40) 13. Nb3 Be7 $5 $146 {Black retreats with his
bishop in advance, preparing for g4-g5. 13...Nc5 also deserves attention with
the idea to exchange a few pieces, for example:} (13... Nc5 $5 14. Nd2 $5 (14.
Bg2 Nxb3+ 15. axb3 Bd7 16. g5 Be7 17. Kb1 O-O-O $132 {0-1 Bryson,D-Rowson,J/
Largs 1998/EXT 99 (36)}) 14... Qc7 15. Nc4 Be7 16. f5 b5 17. Ne3 Bb7 $132 {
0-1 Rajlich,V-Van Blitterswijk,S/Budapest 2000/CBM 75 ext (26)}) 14. Kb1 (14.
g5 $6 hxg5 15. hxg5 Rxh1 16. Qxh1 Qe3+ 17. Kb1 Qxf4) 14... Nc5 15. Nd4 Bd7 16.
Bg2 O-O-O {Black successfully finishes his development and has good chances to
receive a decent counterplay} 17. g5 Kb8 18. Rd2 (18. Qg3 $5 {[%cal Rf4f5]})
18... hxg5 $5 {Black exchanges the rooks in order to reduce white's pressure}
19. hxg5 Rxh1+ 20. Bxh1 Rh8 {[%cal Rh8h1] Black transfers the rook to a more
active position} 21. Bg2 g6 {A profilactic move. Firstly, black stops the
advance of the g5 pawn and secondly reduces the possibilities of the Nd4 in
the light of the eventual e6-e5} 22. Rd1 Na4 $5 {The knight exchange is part
of the black's plan as white has a space advantage} 23. Nxa4 Bxa4 24. Qa3 Bd7
25. e5 {White makes a breakthough opening his bishop} Bf8 26. exd6 Bxd6 27.
Nc6+ Bxc6 28. Qxd6+ Qc7 {Black defended easily from the opponent threats and
now offers a transformation to an equal endgame} 29. Qd4 $2 {[%mdl 8192] A big
mistake. White misses black's obvious reply and loses a pawn} (29. Bxc6 Qxd6
30. Rxd6 Kc7 31. Rd4 Kxc6 32. c3 $11) 29... e5 $1 30. Qg1 Bxg2 31. Qxg2 exf4
$17 32. a3 Rd8 {Black offers to trade rooks, correctly assesing the queen
endgame as easily won} 33. Rf1 Qe5 $5 {[%cal Re5g5] Centralization} 34. a4 {
White is forced to a passive defence} (34. Qg4 Rd4 $17) 34... f6 $1 {Recieving
two connected passed pawns} 35. gxf6 Qxf6 36. Qg4 g5 37. Rg1 {[%cal Rg4g5]} Rd2
$6 {The simple 37...Rd5 was more precise.} (37... Rd5 $5) 38. Re1 {38.Qg5 gave
white more chances} (38. Qxg5 $5 Rd1+ (38... Qxg5 39. Rxg5 f3 40. Rf5 f2 41.
Ka2 Rxc2 42. Kb3 Re2 43. Kc3 $17) 39. Ka2 Qe6+ 40. b3 Rxg1 41. Qxg1 Qe2 42.
Qg8+ Ka7 43. Qg1+ Qe3 44. Qg5) 38... f3 $19 39. Qg3+ Ka7 40. Qc7 f2 41. Rf1 Re2
42. Ka2 Qc6 {Forcing the exchange of queens, that's why white resigned} 0-1

[Event "EU-chT (Men) 14th"]
[Site "Plovdiv"]
[Date "2003.10.19"]
[Round "8.3"]
[White "Guseinov, Gadir"]
[Black "Kempinski, Robert"]
[Result "0-1"]
[WhiteElo "2557"]
[BlackElo "2561"]
[Annotator "Gofshtein,L"]
[PlyCount "72"]
[EventDate "2003.10.10"]
[EventType "team-swiss"]
[EventRounds "9"]
[EventCountry "BUL"]
[SourceTitle "CBM 098"]
[Source "ChessBase"]
[SourceDate "2004.02.03"]
[SourceVersion "1"]
[SourceVersionDate "2004.02.03"]
[SourceQuality "1"]
[WhiteTeam "Azerbaijan"]
[BlackTeam "Poland"]
[WhiteTeamCountry "AZE"]
[BlackTeamCountry "POL"]

1. e4 {[%mdl 4]} c5 2. Nf3 d6 3. d4 cxd4 4. Nxd4 Nf6 5. Nc3 a6 6. Bg5 e6 7. f4
Be7 8. Qf3 Qc7 9. O-O-O Nbd7 10. g4 {One of the main lines in this sharp
position of the Naidorf. 10.Bd3, 10.Be2 also possible} h6 {Another main line
is 10...b5} 11. Bh4 g5 12. e5 {An interesting move, which includes a pawn
sacrifice. In case of the usual 12.fg Ne5 black a comfotable position, for
example:} (12. fxg5 Ne5 13. Qg3 Nfxg4 14. gxh6 Bxh4 15. Qxh4 Qe7 $132 {0-1
Voltschok,A-Stein,L/Kiev 1960/EXT 2003 (45)}) 12... gxh4 $5 $146 {[%mdl 8] A
novelty. Previously met 12...de and the games below show that white has a
certain initiative for the sacrificed pawn} (12... dxe5 13. fxg5 hxg5 14. Bg3
Rb8 (14... Qa5 15. Nb3 Qb4 16. Be2 $44 {1-0 Kalka,A-Van der Lijn,B/Leeuwarden
1992/EXT 98 (26)}) (14... Bb4 15. Ne4 Nxe4 16. Qxe4 Nf6 17. Nxe6 Bxe6 18. Qxb4
Nd5 19. Qe4 Nf4 $132 {1-0 Guseinov,K-Peng,Z/Budapest 2001/CBM 82 ext (27)}) 15.
h4 gxh4 16. g5 Nh5 17. g6 fxg6 18. Nxe6 $36 {1/2-1/2 Smolkov,I-Areshchenko,A/
Alushta 2002/EXT 2003 (31)}) 13. exf6 Nxf6 14. g5 {White continues with his
plan. He wants to open the position and take use of tyhe black king in the
centre.} hxg5 15. fxg5 Nh7 {15...Nh5 is also possible with an unclear game} 16.
g6 {Sacrificing another pawn in order to break black's pawn structure} fxg6 17.
Bd3 Nf8 18. Rhg1 $36 {[%mdl 128] White got a serious compensation for the
sacrificed material} Rg8 19. Rdf1 {[%cal Rf3f7]} Rg7 {[%csl Rf7] Black is
forced to give up some of his extra material} 20. Bxg6+ Kd8 {In spite of the
obvious danger it's not so easy to get to the black king} 21. Bh5 Rxg1 22. Rxg1
Qc5 23. Nce2 $6 {A serious mistake after which black is able to defend. 23.Qf7
was a correct move, getting back the material and holding on to the initiative.
} (23. Qf7 $1 Qxd4 24. Qe8+ Kc7 25. Qxe7+ Bd7 26. Rf1 Qh8 27. Qxh4) 23... e5 $5
{Tries to activize his pieces} 24. Qf7 $6 {The following exchanges are helping
black, 24.Nb3 deserved attention} (24. Nb3 $5 Qc6 25. Qe3 Bf5 26. Nc3 Qc4 27.
Bf3) 24... exd4 25. Qe8+ Kc7 26. Qxe7+ Bd7 {[%cal Yd4d3] Black is practically
finished his development and can freely look into the future, he already
threatens 27...d3} 27. Rg5 (27. Qxh4 d3 28. Nd4 Ne6 29. Nxe6+ Bxe6 $132) 27...
Qc6 28. Nf4 {[%csl Rd5][%cal Yf4d5]} Qh1+ 29. Bd1 Re8 30. Qf6 $4 {A tough
mistake leading to a loss immideatly. After 30.Qf7 the result isn't clear} (30.
Qf7 $5 Re1 31. Qc4+ Bc6 32. Qxd4) 30... Nh7 $19 31. Rg1 Qxg1 32. Nd5+ Kc6 33.
Nb4+ Kc5 {A few checks don't lead to anything.} 34. Nd3+ Kb6 35. Qxd6+ Bc6 36.
b4 Ka7 0-1

[Event "Abu Dhabi op 14th"]
[Site "Abu Dhabi"]
[Date "2004.08.17"]
[Round "4"]
[White "Ulybin, Mikhail"]
[Black "Sundararajan, Kidambi"]
[Result "1-0"]
[WhiteElo "2586"]
[BlackElo "2452"]
[Annotator "Gofshtein,L"]
[PlyCount "121"]
[EventDate "2004.08.14"]
[EventType "swiss"]
[EventRounds "9"]
[EventCountry "UAE"]
[SourceTitle "CBM 103"]
[Source "ChessBase"]
[SourceDate "2004.11.11"]
[SourceVersion "1"]
[SourceVersionDate "2004.11.11"]
[SourceQuality "1"]

1. e4 c5 2. Nf3 d6 3. d4 cxd4 4. Nxd4 Nf6 5. Nc3 a6 6. Bg5 e6 7. f4 Be7 8. Qf3
Qc7 9. O-O-O Nbd7 10. g4 b5 11. Bxf6 Nxf6 12. g5 Nd7 13. f5 Bxg5+ 14. Kb1 Ne5
15. Qh5 Qd8 16. Rg1 {In these position white has also many other options: 16.
fxe6, 16.Nxe6, or 16.h4, here are a few possible lines} (16. fxe6 g6 17. exf7+
Kxf7 18. Qe2 Bg4 19. Qf2+ (19. Nc6 {is better} Bxe2 20. Nxd8+ Raxd8 21. Bxe2 {
with a small advantage for white}) 19... Qf6 20. Qxf6+ Bxf6 21. Be2 Bxe2 22.
Ndxe2 Nc4 {0-1 Deepan Chakkravarthy,J-Sasikiran,K/Raipur 2002/CBM 87 ext (37)
with approximate equality}) (16. Nxe6 Bxe6 17. fxe6 O-O 18. Rg1 Bf6 19. exf7+
Kh8 20. Nd5 g6 21. Qh3 Rxf7 22. Nf4 {with a complicated game, Relange-Sadler
Hastings 1997}) (16. h4 Bf6 17. fxe6 O-O 18. Bh3 fxe6 19. Bxe6+ Kh8 20. Nd5 {
with an interesting game}) 16... Bf6 17. fxe6 ({Now} 17. Nxe6 $2 {won't work}
g6 $1 18. fxg6 (18. Nxd8 $2 gxh5 {[%csl Rd8]}) 18... Bxe6 19. g7 (19. gxh7 Ke7
{black is a health piece up}) 19... Rg8 20. Qxh7 Ke7 {[%cal Ge5g6]} 21. Bh3 Qb6
{and white doesn't have enough compensation for the lost knight}) 17... O-O (
17... g6 {is another possible move, though it looks more logical to bring the
king to safety first} 18. exf7+ Kxf7 19. Qe2 Bg7 (19... Rf8 {is better, trying
to secure the king's position} 20. Qe3 Ng4 21. Qh3 Kg8 22. Nd5 Nf2 23. Qb3 Kg7
24. Rd2 Nxe4 25. Rd1 Bxd4 26. Rxd4 Qg5 27. Qe3 Qxe3 $17 {Enders Peter-Ftacnik
Lubomir/Bundesliga 1995/1/2-1/2 (59)}) 20. Qf2+ Qf6 21. Qg3 {/\ 22. Nd5, 22.
Bb5! ab5 23. Rgf1} Rf8 22. Nd5 Qd8 23. Qb3 Ke8 24. Bh3 Ra7 25. Be6 Bd7 26. Qh3
h5 27. Nf5 $1 $18 {Luther,T-Vaulin,A/Kecskemet 1993/1-0(43)}) 18. exf7+ {
a novelty according to my database, though it doesn't dramatically change the
nature of this position} (18. Bh3 {is a move that everyone plays.} g6 19. Nd5
Kh8 20. Qe2 fxe6 21. Bxe6 Ra7 $1 {an improvement over 21...Re8} (21... Re8 22.
Bxc8 Rxc8 23. h4 Bxh4 (23... Nc4 24. h5 Bxd4 25. Rxd4 gxh5 26. Qxh5 $16 {
Mecking,H-Quinteros,M/Manila izt 1976/1-0(41)}) 24. Rh1 Rc4 25. b3 Rc8 26. Qh2
g5 27. Nf5 $16 {1-0 Groszpeter,A-Orso,M/Budapest HUN ch 1979 (28) with clear
advantage for white}) 22. Nxf6 Rxf6 23. Bd5 Re7 {Psakhis,L-Cvitan,O/Geneve
1992/0-1(50) with unclear position}) 18... Kh8 $6 (18... Rxf7 {was much
stronger} 19. Bh3 g6 (19... Kh8 20. Bf5 {looks quite strong for white} Bxf5 21.
exf5) 20. Bxc8 Rxc8 21. Nd5 {with a slight advantage for white as usually in
these lines}) 19. Nd5 g6 {falls in a cunning trap although white is already
much better} (19... Rxf7 {is answered by} 20. Nc6 {now} Qf8 21. Nxf6 gxf6 (
21... Rxf6 22. Nxe5 dxe5 23. Qxe5 {wins a pawn}) 22. Nd4 {with a clear
advantage} (22. Nxe5 fxe5 (22... dxe5 23. Qxf7 $1) 23. Bh3 {is also better for
white})) (19... Nxf7 20. Nc6 Qe8 21. Nxf6 {and white is clearly better}) 20.
Rxg6 $1 {now it's all forced} Nxg6 21. Nc6 Qd7 22. Nxf6 Qxf7 23. Rxd6 {White
has two pawns for the exchange and his position is very strong, all his pieces
are centralized except the bishop on f1 which would join the battle on the
next move, in order to change the position black decides to go for a queen
sacrifice} Qxf6 $5 (23... Bb7 24. Ne5 Nxe5 25. Qxe5 Qg7 26. Qd4 {and e4-e5
with a superior position}) (23... Qg7 24. e5) 24. Rxf6 Rxf6 25. Qd1 Bg4 26. Qd4
Raf8 27. b3 {White fails to find a way to save the piece, what could be
achieved by a subtle manoevre} (27. Bd3 Kg8 28. Qg1 $1 h5 (28... Bh3 29. Ne7+
Kh8 (29... Kg7 30. Nf5+) 30. Nxg6+ Rxg6 31. Qd4+ Kg8 32. b3 {probably with a
winning position}) 29. Nd4 Ne5 30. Nf5 Kh7 31. Ne3 {white is better, although
black has some chances to survive}) 27... Kg8 28. Bg2 Rxc6 29. e5 {White's
position is still strong and he's not in danger of losing} Rf4 30. Qd8+ Rf8 31.
Qd4 Rf4 32. Qd8+ Rf8 33. Qg5 $1 {White correctly decides to continue the game}
Rc5 (33... Bf3 $2 34. Bxf3 Rxf3 35. Qd8+ Kg7 36. Qd7+) (33... Bd7 {was
probably a better alternative, but as we shall see, white's chances are
preferable here as well} 34. Bxc6 Bxc6 35. e6 (35. h4 $6 Rf1+ 36. Kb2 Kf7 37.
h5 Ne7 {and black is fine}) 35... Re8 36. h4 {black would have to give the
knight for white's e and h pawns and it looks like he's able to construct a
fortress} Rxe6 37. h5 Be4 38. hxg6 hxg6 {the game should end in a draw probably
}) 34. Qxg4 Rxe5 35. h4 Rf4 36. Qd7 (36. Qc8+ {was stronger} Kg7 37. Qxa6 b4 (
37... Nxh4 $6 {allows} 38. Bd5 $1 b4 39. Qb7+ Kg6 40. Bc4 $1 {with big
advantage for white}) 38. Kb2 (38. Bd5 {won't work now} Re1+ 39. Kb2 Rff1 40.
Qb7+ Ne7 41. Qxb4 Nxd5 42. Qb7+ Ne7 {and black shoudn't lose}) 38... Rxh4 39.
Bd5 {and Bc4, white should have the advantage in the pawn race since his
bishop is very strong on both flanks}) 36... b4 37. Bd5+ Kh8 38. Bc4 {white
transfers the bishop to c4 but leaves the black a-pawn alive} a5 {White is
still better but it looks as black should draw} 39. Kb2 Rxh4 $4 {Black misses
white's reply and ends up in a losing position} (39... Rh5 {was surely a
better option}) 40. Qf7 $1 {threatening to mate in one} Rxc4 {the only defence}
41. bxc4 {of course, white prefers to have a passed pawn, the rest is simple}
Rc5 42. Kb3 Re5 43. Ka4 (43. Qa7 {looks stronger, protecting the e3 square and
securing the advance of the c-pawn}) 43... Rc5 44. Kb3 Re5 {it was probably a
mutual time trouble} 45. Kb2 Rh5 {black refrains from 45...Rc5 repeting the
position after 41 move, but 45...Rh5 is hardly an improvement} 46. Qc7 (46. Qa7
$1) 46... Ne5 47. c5 a4 48. Qb8+ Kg7 49. Qxb4 Kf6 50. Qxa4 (50. c6 Nxc6 51.
Qd6+) 50... Rf5 51. Qe8 (51. c6 {why not this?}) 51... Rf3 52. Qd8+ Kf5 53. Qd5
Rf4 54. Kb3 Rf3+ 55. Kb4 Rf4+ 56. Kb5 Rf2 57. Qh1 ({or} 57. Qg8 Kf4 58. Qxh7)
57... Kf4 58. Qxh7 Nf3 59. c6 Nd4+ 60. Kb6 Rxc2 61. Qxc2 1-0

[Event "GER-ch 75th"]
[Site "Hoeckendorf"]
[Date "2004.02.02"]
[Round "4"]
[White "Naiditsch, Arkadij"]
[Black "Schurade, Matthias"]
[Result "1-0"]
[WhiteElo "2576"]
[BlackElo "2370"]
[Annotator "Gofshtein,L"]
[PlyCount "63"]
[EventDate "2004.01.30"]
[EventType "swiss"]
[EventRounds "9"]
[EventCountry "GER"]
[SourceTitle "CBM 100"]
[Source "ChessBase"]
[SourceDate "2004.06.01"]
[SourceVersion "1"]
[SourceVersionDate "2004.06.01"]
[SourceQuality "1"]

1. e4 c5 2. Nf3 d6 3. d4 cxd4 4. Nxd4 Nf6 5. Nc3 a6 6. Bg5 e6 7. f4 Be7 8. Qf3
Qc7 9. O-O-O Nbd7 10. Bd3 h6 11. Qh3 Rg8 {Black forces white to decide what to
play. Another move 11...Nb6 also deserved attention, as the tournament
practice shows black has counter chances} (11... Nb6 $5 12. Rhe1 (12. f5 e5 13.
Nf3 (13. Nb3 Bd7 14. Rhe1 (14. Kb1 O-O-O 15. Bxf6 Bxf6 16. Nd5 Nxd5 17. exd5 e4
$5 {[%cal Rf6b2]} 18. Bxe4 Qb6 $44 {0-1 Ciocaltea,V-Najdorf,M/Nice 1974/EXT
2000 (37)}) 14... O-O-O 15. Be3 Kb8 16. Bxb6 Qxb6 17. Bc4 Rhf8 18. Nd5 Nxd5 19.
Bxd5 Rc8 $132 {1/2-1/2 Balashov,Y-Sax,G/Bath 1973/EU-chT (67)}) 13... Bd7 14.
Bxf6 Bxf6 15. g4 O-O-O 16. Qg3 Bg5+ $132 {0-1 Grefe,J-Browne,W/Chicago 1974/
MCD (41)}) (12. Bh4 e5 13. Nf5 Bxf5 14. exf5 {1-0 Timman,J-Browne,W/Wijk aan
Zee 1975/MCL/[Bulletin] (55)} exf4 $5) 12... e5 13. Nf5 Bxf5 14. exf5 O-O-O 15.
Bh4 exf4 16. Bf2 $132 {1/2-1/2 Planinec,A-Browne,W/Madrid 1973/MCL (41)}) 12.
Bxf6 {white is almost forced to exchange his dark squared bishop as after Bh4
black plays g5} Nxf6 $8 (12... Bxf6 $2 13. Nxe6 fxe6 14. Qxe6+ Kf8 15. Bc4 $18)
13. f5 {[%csl Re6][%cal Rd4e6,Rh3e6] White continues with his plan to attack
the e6 pawn} (13. Qe3 $5) 13... e5 {Black is forced to close the game,
weakening the d5 square} 14. Nf3 $146 {[%mdl 8] In case of 14.Nde2 black gets
a fine counterplay} (14. Nde2 Bd7 15. Qf3 g6 16. Ng3 O-O-O 17. Kb1 h5 $132 {
0-1 Bertholee,R-Van Blitterswijk,S/Wijk aan Zee 2000/CBM 74 ext (40)}) 14...
Bd7 {Black finishes the development on the queenside and prepares the castling}
15. Nd2 {[%csl Rc4][%cal Rd3c4] With the idea to activize the bishop through c4
} b5 {[%csl Rc4] Covering the c4 sqaure. 15...Bc6 deserved attention too} (
15... Bc6 $5 16. Qf3 (16. Bc4 b5 17. Bb3 b4 18. Nd5 Nxd5 19. Bxd5 Bxd5 20. exd5
Bg5 21. Kb1 Bxd2 22. Rxd2 Qc4 $132) 16... b5 17. Nd5 Nxd5 18. exd5 Bb7) 16. Nd5
{White changes the pawn structure} Nxd5 17. exd5 Bg5 $5 {Black exchanges his
passive bishop for the potentially dangerous white knight. 17...a5 also
deserved attention, trying to get an active play on the queenside} (17... a5 $5
18. Ne4 b4 19. Kb1 a4 $132) 18. Kb1 Bxd2 19. Rxd2 O-O-O $6 {Black decides on
the position of his king to quickly. 19...Qc5 looked much better} (19... Ke7 $2
20. f6+ gxf6 21. Qh4 {[%csl Rf6]}) (19... Qc5 $5 20. Qf3 b4 21. Rc1 a5 $132)
20. Qh5 {[%cal Rh5f7]} f6 21. c4 $1 $36 {white immideatly seizes the
initiative and tries to exploit the unfortunate position of the black king} b4
{Of course, black doesn't want to open the game with 22...bc} 22. c5 $1 {
[%mdl 512] white plays very energetic. He doesn't fear to sacrifice in order
to seize the initiative} dxc5 23. d6 {[%mdl 512] White avoids the simple 23.
Ba6 which would have givven him back the material and tries to continue his
initiative} (23. Bxa6+ $5 Kb8 24. Bc4 Qd6) 23... Qxd6 {Black accepts the
challenge. Safer was 23...Qc6 getting a defencible position} (23... Qc6 $5 24.
Qe2 Kb8 25. Be4 Qb5 26. Qe3 Bc6 27. Rc1 Bxe4+ 28. Qxe4 Rd7 29. Rd5 Rc8) 24.
Rhd1 $1 Qb6 $2 {Black is on the verge of the defeat. 23...Qc6 deserved
attention and black should hold after a serie of forced moves} (24... Qc6 $1
25. Qf7 (25. Bc4 Qe4+ 26. Bd3 Qc6) 25... c4 $5 26. Bc2 (26. Rc2 Kb8 $1 (26...
c3 27. bxc3 bxc3 28. Qb3 $36) 27. Rxc4 Qb7 28. Be4 Bc6 29. Rxd8+ Rxd8 30. Qxb7+
Bxb7 31. Rxb4 Rd7 $11) 26... Rgf8 27. Qxg7 b3 28. Rxd7 bxc2+ 29. Kxc2 Rxd7 30.
Qxf8+ Kb7 $11) 25. Bc4 $1 {[%cal Rc4g8,Yd2d7]} Rgf8 {In case of the only 25...
g6 black's position is very dangerous as the next variations show} (25... Ba4
26. b3 Rxd2 27. Rxd2 Be8 28. Qg4 h5 29. Qg3 h4 30. Qg4 $18) (25... g6 $8 26.
fxg6 Be6 27. Qf3 Rxd2 28. Bxe6+ Qxe6 29. Qa8+ Kc7 30. Qa7+ Kc8 31. Qxc5+ Kb7
32. Qxb4+ Ka8 33. Qxd2 $40) 26. Rxd7 Rxd7 27. Be6 $18 Rfd8 28. Rxd7 Rxd7 29.
Qe8+ Qd8 30. Bxd7+ Kc7 31. Qxd8+ Kxd8 32. Be6 1-0